Богдан Хмельницький.Соціально-політичний портрет (Запис № 17371)

000 -Маркер запису
Контрольне поле сталої довжини 02042nam a22002537a 4500
003 - Належність контрольного номера
Контрольне поле Uzh_bibl
008 - Кодовані дані
Контрольне поле сталої довжини 260417b |||||||| |||| 00| 0 ukr d
020 ## - Індекс ISBN
ISBN 5-325-00063-3
Ціна 4.35
040 ## - Джерело каталогіз.
Код мови каталог. укр.
041 ## - Код мови видання
Код мови оригіналу українська
Код мови тексту українська
080 ## - Індекс УДК
Індекс УДК 94(477)
090 ## - Шифри
Поличний індекс 94(477)
Авторський знак С 51
100 ## - Автор
Автор Смолій,Валерій
245 ## - Назва
Назва Богдан Хмельницький.Соціально-політичний портрет
Відповідальність худож.В.Домонтович
Фізичний носій Текст
260 ## - Вихідні дані
Місце видання Київ
Видавництво Либідь
Дата видання 1993
300 ## - Фізичний опис
Обсяг 504 с.
Тип одиниці В опр.
520 ## - Анотація
Анотація На строго документальній базі автори простежують основні віхи життєвого шляху Богдана Хмельницького, показують обставини, які зумовили формування його світоглядних настанов, вплинули на політичний вибір. Богдан Хмельницький - гетьман, політичний діяч, полководець, дипломат, просто людина - всі ці його іпостасі знайшли висвітлення в книзі. Постать Б. Хмельницького змальована на широкому історичному тлі, де живуть і мислять десятки історичних осіб, доля яких так чи інакше переплітається з долею гетьмана. Для істориків, викладачів, студентів, усіх, хто цікавиться вітчизняною історією.
521 ## - Примітка про цільове призначення
Примітка про цільове призначення Для істориків, викладачів, студентів, усіх, хто цікавиться вітчизняною історією.
546 ## - Примітка про мову
Примітка про мову укр.
650 ## - Тематичні рубрики
Основна рубрика Наукове видання
Типове ділення Історія України
653 ## - Ключові слова
Ключові слова Гетьман
-- Політичний діяч
700 ## - Інші автори
Інші автори Степанков В.С.
942 ## - ADDED ENTRY ELEMENTS (KOHA)
Джерело класифікації чи схема поличного розташування
Koha item type Книги
Фонди
Статус вилучення Статус втрати/відсутності Джерело класифікації чи схема поличного розташування Статус пошкодження Тип обігу (не для випозичання) Постійне розташування Поточне розташування Розташування у відділі Дата надходження Інвентарний номер Total Checkouts Повний (примірниковий) шифр зберігання Штрих-код Date last seen Дата, для якої чинна ціна заміни Тип одиниці (рівень примірника)
          Публічна бібліотека Публічна бібліотека Абонемент 17/04/2026 44319   94(477) 19315 17/04/2026 17/04/2026 Книги

Працює на АБІС Коха